Elektromos és mágneses vizsgálatok lipid-jód molekulakomplexeken

Elmentve itt :
Bibliográfiai részletek
Szerző: Horváth László
További közreműködők: Nincs megadva (Témavezető)
Dokumentumtípus: Disszertáció
Megjelent: 1976
Kulcsszavak:Biofizika
Tárgyszavak:
Online Access:http://doktori.ek.szte.hu/7931
LEADER 00730nta a2200217 i 4500
001 dokt7931
005 20221018142511.0
008 221018s1976 hu om 0|| hun d
040 |a SZTE Doktori Repozitórium  |b hun 
041 |a hun 
100 1 |a Horváth László 
245 1 0 |a Elektromos és mágneses vizsgálatok lipid-jód molekulakomplexeken  |h [elektronikus dokumentum] /  |c  Horváth László 
260 |c 1976 
502 |a Disszertacio 
650 4 |a biológiai tudományok 
650 4 |a Természettudományok 
650 4 |a Biológiai tudományok 
650 4 |a Biofizika 
695 |a Biofizika 
700 1 |a Nincs megadva  |e ths 
856 4 0 |u https://doktori.bibl.u-szeged.hu/id/eprint/7931/1/1976_horvath_laszlo.pdf  |z Dokumentum-elérés